Industrial hydraulics (Record no. 7178)

000 -LEADER
fixed length control field 00551nam a2200205 i 4500
001 - CONTROL NUMBER
control field 7178
003 - CONTROL NUMBER IDENTIFIER
control field BD-DhUET
008 - FIXED-LENGTH DATA ELEMENTS--GENERAL INFORMATION
fixed length control field 780705s1979 nyua 001 0 eng
020 ## - INTERNATIONAL STANDARD BOOK NUMBER
International Standard Book Number 070664773
040 ## - CATALOGING SOURCE
Original cataloging agency DLC
Transcribing agency DLC
Modifying agency BD-DhUET
082 00 - DEWEY DECIMAL CLASSIFICATION NUMBER
Classification number 621.2
Item number PIP/1980
100 1# - MAIN ENTRY--PERSONAL NAME
Personal name Pippenger, John J.
245 10 - TITLE STATEMENT
Title Industrial hydraulics
Statement of responsibility, etc. by John J. Pippenger and Tyler G. Hicks
250 ## - EDITION STATEMENT
Edition statement 3d ed.
260 ## - PUBLICATION, DISTRIBUTION, ETC. (IMPRINT)
Place of publication, distribution, etc. New York
Name of publisher, distributor, etc. McGraw-Hill
Date of publication, distribution, etc. 1980
300 ## - PHYSICAL DESCRIPTION
Extent vi, 440 p.
Other physical details ill.
Dimensions 25 cm.
650 #0 - SUBJECT ADDED ENTRY--TOPICAL TERM
Topical term or geographic name as entry element Hydraulic machinery
700 ## - ADDED ENTRY--PERSONAL NAME
Personal name Hicks, Tyler G.
942 ## - ADDED ENTRY ELEMENTS (KOHA)
Koha item type General Book
Holdings
Damaged status Piece designation (barcode) Koha full call number Koha date last seen Location (home branch) Date acquired Not for loan Copy number Withdrawn status Source of classification or shelving scheme Koha item type Price effective from Koha normalized classification for sorting Shelving location Sublocation or collection (holding branch) Lost status
 59770621.2 /PIP/19802014-12-07Central Library, BUET2014-12-07 4  Contented Book 2014-12-07621_200000000000000_PIP1980Circulation sectionCentral Library, BUET 
 59771621.2 /PIP/19802014-12-07Central Library, BUET2014-12-07 5  Contented Book 2014-12-07621_200000000000000_PIP1980Circulation sectionCentral Library, BUET 
 59772621.2 /PIP/19802014-12-07Central Library, BUET2014-12-07 6  Contented Book 2014-12-07621_200000000000000_PIP1980Circulation sectionCentral Library, BUET 
 56769621.2 /PIP/19802014-12-07Central Library, BUET2014-12-07 1  Contented Book 2014-12-07621_200000000000000_PIP1980Circulation sectionCentral Library, BUET 
 59773621.2 /PIP/19802014-12-07Central Library, BUET2014-12-07 7  Contented Book 2014-12-07621_200000000000000_PIP1980Circulation sectionCentral Library, BUET 
 59776621.2 /PIP/19802014-12-07Central Library, BUET2014-12-07 10  Contented Book 2014-12-07621_200000000000000_PIP1980Circulation sectionCentral Library, BUET 
 56770621.2 /PIP/19802014-12-07Central Library, BUET2014-12-07 2  Contented Book 2014-12-07621_200000000000000_PIP1980Circulation sectionCentral Library, BUET 
 59775621.2 /PIP/19802014-12-07Central Library, BUET2014-12-07 9  Contented Book 2014-12-07621_200000000000000_PIP1980Circulation sectionCentral Library, BUET 
 59769621.2 /PIP/19802014-12-07Central Library, BUET2014-12-07 9  Contented Book 2014-12-07621_200000000000000_PIP1980Circulation sectionCentral Library, BUET 
 59777621.2 /PIP/19802014-12-07Central Library, BUET2014-12-07 11  Contented Book 2014-12-07621_200000000000000_PIP1980Circulation sectionCentral Library, BUET 
 59778621.2/PIP/19802015-06-16Central Library, BUET2015-06-16 12  Reading Item2015-06-16621_200000000000000_PIP_1980Reading sectionCentral Library, BUET